名古屋市立の小学校 - Statistics

General Stats
  • This quiz has been taken 59 times
  • The average score is 35 of 260
Answer Stats
所在区 小学校名 % Correct
千種区 千種
46%
緑区 鳴海
46%
緑区 大高
46%
西区 なごや
44%
中区
44%
中村区 中村
42%
南区
42%
緑区 徳重
42%
名東区 名東
42%
瑞穂区 瑞穂
40%
緑区 有松
40%
緑区
40%
千種区 東山
38%
守山区 守山
38%
天白区 天白
38%
天白区 平針
38%
昭和区 御器所
36%
昭和区 八事
36%
天白区
36%
南区 笠寺
34%
緑区 鳴子
34%
東区 矢田
32%
瑞穂区 堀田
32%
中川区 荒子
32%
名東区 上社
32%
千種区 星ヶ丘
30%
昭和区 鶴舞
30%
天白区 野並
30%
天白区 相生
30%
港区 中川
28%
名東区 藤が丘
28%
東区 砂田橋
26%
中区 大須
26%
中区 丸の内
26%
守山区 大森
26%
天白区 植田
26%
北区 清水
24%
西区 庄内
24%
西区 山田
24%
中区 新栄
24%
熱田区 高蔵
24%
中川区 春田
24%
港区 稲永
24%
緑区 滝ノ水
24%
名東区 本郷
24%
東区 東桜
22%
北区 飯田
22%
中区 平和
22%
中川区 中島
22%
港区 東海
22%
南区 星崎
22%
守山区 小幡
22%
名東区 高針
22%
千種区 田代
20%
北区
20%
中村区 ほのか
20%
中川区 愛知
20%
港区 野跡
20%
南区 豊田
20%
南区 柴田
20%
守山区 志段味東
20%
守山区 志段味西
20%
緑区 神の倉
20%
緑区 常安
20%
千種区 自由ヶ丘
18%
西区 栄生
18%
西区 上名古屋
18%
西区 平田
18%
西区 中小田井
18%
中村区 米野
18%
中村区 岩塚
18%
昭和区 川原
18%
瑞穂区 弥富
18%
中川区 戸田
18%
南区 呼続
18%
南区 道徳
18%
緑区 鳴海東部
18%
緑区 小坂
18%
名東区 引山
18%
中村区 笹島
16%
中区
16%
中区 千早
16%
昭和区 吹上
16%
昭和区 滝川
16%
瑞穂区 汐路
16%
港区 大手
16%
港区 南陽
16%
守山区 白沢
16%
守山区 吉根
16%
緑区 戸笠
16%
緑区 大清水
16%
緑区 熊の前
16%
名東区 猪高
16%
名東区 極楽
16%
千種区 上野
14%
北区 味鋺
14%
西区 城西
14%
西区 枇杷島
14%
中村区 日比津
14%
中区 正木
14%
南区 伝馬
14%
緑区 桶狭間
14%
緑区 桃山
14%
名東区 猪子石
14%
名東区 西山
14%
千種区 見付
12%
東区
12%
北区 六郷
12%
北区 如意
12%
西区 比良
12%
西区 大野木
12%
中村区 牧野
12%
昭和区 松栄
12%
昭和区 広路
12%
瑞穂区 穂波
12%
瑞穂区 豊岡
12%
瑞穂区 中根
12%
熱田区 旗屋
12%
南区 明治
12%
南区 菊住
12%
緑区 黒石
12%
緑区 大高北
12%
緑区 大高南
12%
天白区 大坪
12%
東区 旭丘
10%
東区 筒井
10%
東区 東白壁
10%
北区 金城
10%
中村区
10%
瑞穂区 御劔
10%
瑞穂区 陽明
10%
熱田区 白鳥
10%
南区 千鳥
10%
南区
10%
守山区 苗代
10%
守山区 上志段味
10%
名東区 香流
10%
千種区 内山
8%
千種区 春岡
8%
千種区 千代田橋
8%
東区 山吹
8%
北区 城北
8%
北区 光城
8%
北区 六郷北
8%
北区
8%
西区
8%
西区 児玉
8%
西区 稲生
8%
中村区 豊臣
8%
中区 松原
8%
中区 老松
8%
昭和区 伊勝
8%
瑞穂区 高田
8%
熱田区 大宝
8%
中川区 八熊
8%
中川区 常磐
8%
中川区 篠原
8%
中川区 千音寺
8%
中川区 万場
8%
港区 東築地
8%
守山区 瀬古
8%
守山区 小幡北
8%
守山区 下志段味
8%
緑区 東丘
8%
緑区 太子
8%
緑区 旭出
8%
緑区 相原
8%
緑区 南陵
8%
名東区 平和が丘
8%
天白区 たかしま
8%
天白区 八事東
8%
天白区 平針南
8%
天白区 植田東
8%
千種区 高見
6%
東区 明倫
6%
北区 名北
6%
北区 川中
6%
西区 南押切
6%
西区 浮野
6%
中村区 稲葉地
6%
中村区 千成
6%
昭和区 白金
6%
瑞穂区 井戸田
6%
熱田区 千年
6%
熱田区 船方
6%
中川区 昭和橋
6%
中川区 正色
6%
中川区 明正
6%
南区 大磯
6%
守山区 本地丘
6%
守山区 大森北
6%
緑区 平子
6%
緑区 片平
6%
緑区 浦里
6%
緑区 長根台
6%
名東区 豊が丘
6%
名東区 牧の原
6%
天白区 山根
6%
天白区 植田南
6%
天白区 植田北
6%
北区 大杉
4%
北区 杉村
4%
北区 東志賀
4%
中村区 日吉
4%
中村区 諏訪
4%
中村区 稲西
4%
昭和区 村雲
4%
中川区 広見
4%
中川区 露橋
4%
中川区 八幡
4%
中川区 豊治
4%
中川区 赤星
4%
港区 小碓
4%
港区 西築地
4%
港区 成章
4%
南区 白水
4%
南区 春日野
4%
南区 笠東
4%
南区 宝南
4%
守山区 廿軒家
4%
守山区 天子田
4%
守山区 二城
4%
守山区 森孝東
4%
守山区 森孝西
4%
名東区 梅森坂
4%
名東区 貴船
4%
名東区 北一社
4%
天白区 表山
4%
天白区 平針北
4%
千種区 大和
2%
千種区 千石
2%
千種区 富士見台
2%
千種区 宮根
2%
北区 楠西
2%
西区 比良西
2%
中村区 八社
2%
中川区 長須賀
2%
中川区 野田
2%
中川区 玉川
2%
中川区 西中島
2%
中川区 五反田
2%
中川区 西前田
2%
港区 当知
2%
港区 西福田
2%
港区 福田
2%
南区 大生
2%
守山区 鳥羽見
2%
守山区 西城
2%
名東区 蓬来
2%
名東区 前山
2%
北区 西味鋺
0%
北区 宮前
0%
熱田区 野立
0%
港区 港西
0%
港区 高木
0%
港区 港楽
0%
港区 明徳
0%
港区 正保
0%
港区 神宮寺
0%
港区 福春
0%
No matching quizzes found
Score Distribution
Percent of People with Each Score
Percentile by Number Answered
Your Score History
You have not taken this quiz